Nepal Country Quiz - Statistics

General Stats
  • This quiz has been taken 27 times
  • The average score is 9 of 15
Answer Stats
Hint Answer % Correct
Main Ally India
96%
Borders India
96%
Main Language Nepali
96%
Borders China
91%
Capital Kathmandu
91%
Tallest Mountain Everest
87%
Main Religion Hinduism
87%
Number of Provinces 7
74%
Currency Nepalese Rupee
52%
Main Export Carpet
30%
Current President Ram Chandra Poudel
30%
Form of Government Republic
26%
Independent Since 1768
13%
Global Firepower Rating (out of 145) 126
4%
Formerly Gorkha Kingdom
0%
No matching quizzes found
Score Distribution
Percent of People with Each Score
Percentile by Number Answered
Your Score History
You have not taken this quiz